01179nam a2200337 i 450000500170000000700030001700800410002002000180006104000350007904100080011408200230012210000470014524500790019225000220027126400590029330000250035233600270037733700330040433800280043749000210046552100380048654500580052465000420058265000380062465000510066265000270071365000290074065000450076994200120081499900150082620220317002006.0ta200127s2019 ck gr 000 0 spa d a9789584282231 aCO-BoRNBPbspaerdacCO-BoRNBP0 aspa04a338.4791bL11t2221 aLacouture, María Claudia,d1974-eautora 0aTurismo sosteniblebdiez consejos para lograrlocMaría Claudia Lacouture aSegunda edición 1aBogotábEditorial Planeta ColombianabPaidósc2019 a279 páginasc23 cm 2rdacontentatextobtxt 2rdamediaasin mediaciónbn 2rdacarrieravolumenbnc0 aPaidós empresa aRecomendado para público adulto aIncluye datos biográficos de la autora en la solapa17aDesarrollo sosteniblezColombia2LEMB17aInfraestructura del turismo2LEMB17aTurismoxAspectos económicoszColombia2LEMB17aTurismoxCalidad2LEMB17aTurismoxGestión2LEMB17aTurismoxInnovaciones tecnologicas2LEMB 2ddccBK c8817d8817